Sports Quiz

Random Sports Quiz

2010 Chicago Bears Quiz Stats

 Plays Quiz not verified by Sporcle

Score 0/56 Timer 15:00
0 Plays Today
Position % Correct
QuarterbackJay Cutler
98.6%
Running BackMatt Forte
98.6%
LinebackerBrian Urlacher
95.8%
Wide ReceiverDevin Hester
94.4%
Tight EndGreg Olsen
94.4%
Defensive EndJulius Peppers
91.5%
LinebackerLance Briggs
91.5%
Wide ReceiverJohnny Knox
88.7%
CenterOlin Kreutz
87.3%
Corner BackCharles Tillman
85.9%
Wide ReceiverEarl Bennett
84.5%
Defensive TackleTommie Harris
84.5%
SafetyChris Harris
84.5%
Running BackChester Taylor
81.7%
KickerRobbie Gould
81.7%
QuarterbackTodd Collins
80.3%
Wide ReceiverRashied Davis
78.9%
Tight EndKellen Davis
78.9%
QuarterbackCaleb Hanie
77.5%
CenterEdwin Williams
77.5%
Offensive TackleChris Williams
77.5%
PunterBrad Maynard
71.8%
Tight EndDesmond Clark
70.4%
CenterRoberto Garza
70.4%
SafetyDanieal Manning
70.4%
Corner BackTim Jennings
69%
CoachLovie Smith
69%
Running BackGarrett Wolfe
64.8%
Position % Correct
Wide ReceiverDevin Aromashodu
64.8%
Corner BackD.J. Moore
64.8%
Defensive TackleIsrael Idonije
63.4%
Corner BackJoshua Moore
63.4%
SafetyMajor Wright
62%
Offensive TackleJ'Marcus Webb
59.2%
LinebackerHunter Hillenmeyer
59.2%
LinebackerNick Roach
57.7%
LinebackerPisa Tinoisamoa
50.7%
Corner BackZack Bowman
50.7%
GuardFrank Omiyale
49.3%
Defensive TackleAnthony Adams
49.3%
Running BackKahlil Bell
47.9%
Tight EndBrandon Manumaleuna
46.5%
Defensive EndHenry Melton
46.5%
SafetyCraig Steltz
46.5%
Corner BackCorey Graham
43.7%
Offensive TackleKevin Shaffer
38%
Defensive TackleMarcus Harrison
35.2%
LinebackerRod Wilson
33.8%
GuardLance Louis
31%
Defensive EndCorey Wootton
29.6%
LinebackerBrian Iwuh
29.6%
Defensive TackleMatt Toeaina
28.2%
SafetyJosh Bullocks
25.4%
Defensive EndBarry Turner
18.3%
Running BackHarvey Unga
16.9%
Defensive TackleAverell Spicer
8.5%

You're not logged in!

Compare scores with friends on all Sporcle quizzes.
OR
Log In

Show Comments

Extras

Created Nov 25, 2010ReportNominate
Tags:2010, bear, chicago

Top Quizzes Today


Score Distribution

Your Account Isn't Verified!

In order to create a playlist on Sporcle, you need to verify the email address you used during registration. Go to your Sporcle Settings to finish the process.

Report this User

Report this user for behavior that violates our Community Guidelines.

Details: